Statistics for Tower Defense Simulator In-Game Major Bosses

Click here to take the quiz!

General Stats

  • This quiz has been taken 24 times
  • The average score is 8 of 8

Answer Stats

HintAnswer% Correct
The hardest survival bossFallen King
100%
The weakest in-game bossGrave Digger
100%
Grants you the cowboy tower upon his defeatGunslinger
100%
Known as the "coin grinding boss"Molten Boss
100%
The final boss of hardcore modeVoid Reaver
100%
FNAF referenceWox The Fox
100%
The boss with the most HP in TDS historyNuclear Monster
92%
A mini boss exclusive to hardcore modeFallen Swordmaster
77%

Score Distribution

Percentile by Number Answered

Percent of People with Each Score

Your Score History

You have not taken this quiz